000 00456nam a2200181Ia 4500
005 20250423100612.0
008 250422s9999 xx 000 0 und d
020 _a81-224-1427-3
050 _aLB 1117 .C46/
100 _aChowdhury, Aparajita
245 0 _aPre-school children : development, care and education
260 _aNew Delhi
260 _bNew Age International
260 _c2002
300 _a203 p
650 _aEducation
942 _cBK
999 _c33799
_d33799